[Event "Turnaj sv. Jana Nepomuckého, B, 2022,"]
[Site "Nepomuk"]
[Date "2022.09.03"]
[Round "1.1"]
[White "Flajsman, Petr"]
[Black "Hrdlica, Pavel"]
[Result "1-0"]
[WhiteElo "1841"]
[BlackElo "1969"]
[PlyCount "53"]
[EventDate "2022.09.03"]

1. e4 e6 2. d4 d5 3. exd5 exd5 4. c4 c6 5. Nc3 Nf6 6. Nf3 Bg4 7. Be3 Bb4 8. Be2
Ne4 9. Qb3 Qa5 10. Rc1 dxc4 11. Qxc4 Nd6 12. Qb3 Be6 13. Qc2 Qxa2 14. O-O Qb3
15. Qb1 Bf5 16. Qa1 O-O 17. d5 Bxc3 18. Rxc3 Qxd5 19. Rd1 Qe6 20. Rc5 Bg6 21.
Re5 Qb3 22. Rxd6 f6 23. Re7 Bf7 24. Qc1 Bd5 25. Rxd5 cxd5 26. Qc7 Nd7 27. Rxd7
1-0

[Event "Turnaj sv. Jana Nepomuckého, B, 2022,"]
[Site "Nepomuk"]
[Date "2022.09.03"]
[Round "1.2"]
[White "Zednik, Zdenek"]
[Black "Polak, Michal"]
[Result "0-1"]
[WhiteElo "1854"]
[BlackElo "1882"]
[PlyCount "84"]
[EventDate "2022.09.03"]

1. c4 e6 2. Nf3 d5 3. b3 Nf6 4. Bb2 Be7 5. e3 O-O 6. Be2 b6 7. O-O Bb7 8. d3
Nbd7 9. Nbd2 Re8 10. Rc1 Nf8 11. Rc2 Ng6 12. Qa1 a5 13. a3 Bd6 14. cxd5 exd5
15. Nd4 Qd7 16. N4f3 Nh5 17. Rfc1 Nhf4 18. exf4 Rxe2 19. Bxg7 Nxf4 20. Bh6 Qg4
21. Bxf4 Bxf4 22. Re1 Rae8 23. Rxe2 Rxe2 24. Qd1 Re6 25. h3 Qh5 26. Nf1 d4 27.
Ng3 Bxf3 28. Qxf3 Re1+ 29. Kh2 Qxf3 30. gxf3 Rd1 31. Re2 Rxd3 32. Kg2 Bxg3 33.
fxg3 Rxb3 34. Re8+ Kg7 35. Rc8 c5 36. Rc6 Rxa3 37. Rxb6 c4 38. Kf2 c3 39. Ke2
c2 40. Kd2 Rc3 41. Kc1 d3 42. Rd6 a4 0-1

[Event "Turnaj sv. Jana Nepomuckého, B, 2022,"]
[Site "Nepomuk"]
[Date "2022.09.03"]
[Round "1.3"]
[White "Soural, Jan"]
[Black "Skopkova, Marcela"]
[Result "1-0"]
[WhiteElo "2182"]
[BlackElo "1299"]
[PlyCount "31"]
[EventDate "2022.09.03"]

1. Nf3 d6 2. d4 b6 3. e4 e6 4. Bd3 Be7 5. O-O Nf6 6. Qe2 O-O 7. e5 Nd5 8. Qe4
g6 9. a3 Ba6 10. c4 c6 11. cxd5 cxd5 12. Qe2 Bxd3 13. Qxd3 dxe5 14. Nxe5 Nd7
15. Nc6 Qe8 16. Bh6 1-0

[Event "Turnaj sv. Jana Nepomuckého, B, 2022,"]
[Site "Nepomuk"]
[Date "2022.09.03"]
[Round "1.4"]
[White "Baumruk, Josef"]
[Black "Turner, Radek"]
[Result "1/2-1/2"]
[WhiteElo "1961"]
[BlackElo "2000"]
[PlyCount "47"]
[EventDate "2022.09.03"]

1. e4 g6 2. d4 Bg7 3. Nf3 d6 4. Bc4 Nf6 5. Nbd2 c6 6. a4 b6 7. O-O O-O 8. Re1
d5 9. Bd3 dxe4 10. Nxe4 Nbd7 11. c3 Bb7 12. Qe2 Re8 13. b4 Nxe4 14. Bxe4 Nf6
15. Ne5 Nxe4 16. Qxe4 Qd5 17. Qxd5 cxd5 18. a5 bxa5 19. Rxa5 Bxe5 20. Rxe5 e6
21. Re1 a6 22. Bb2 Bc6 23. h4 Bb5 24. Rea1 1/2-1/2

[Event "Turnaj sv. Jana Nepomuckého, B, 2022,"]
[Site "Nepomuk"]
[Date "2022.09.04"]
[Round "2.1"]
[White "Hrdlica, Pavel"]
[Black "Turner, Radek"]
[Result "1-0"]
[WhiteElo "1969"]
[BlackElo "2000"]
[PlyCount "79"]
[EventDate "2022.09.03"]

1. d4 Nf6 2. c4 c5 3. dxc5 g6 4. Nc3 Qa5 5. e4 Bg7 6. Bd3 Qxc5 7. Be3 Qa5 8.
Nf3 d6 9. O-O Nc6 10. h3 O-O 11. a3 Nd7 12. b4 Qd8 13. Qc2 Nde5 14. Nxe5 Nxe5
15. Be2 Be6 16. c5 Nc4 17. Bg5 h6 18. Bh4 g5 19. Bg3 Qc8 20. Rac1 dxc5 21. Nb5
Ne5 22. Qxc5 Qxc5 23. Rxc5 Nd7 24. Rc2 a6 25. Nc7 Rac8 26. Rd2 Ne5 27. Nxe6
fxe6 28. Rfd1 Rc7 29. a4 Rfc8 30. b5 axb5 31. axb5 Rc1 32. Rd8+ Rxd8 33. Rxc1
b6 34. Rc7 Kf8 35. Rb7 Rd6 36. Rb8+ Kf7 37. Bh5+ Kf6 38. f4 Nd7 39. e5+ Kf5 40.
exd6 1-0

[Event "Turnaj sv. Jana Nepomuckého, B, 2022,"]
[Site "Nepomuk"]
[Date "2022.09.04"]
[Round "2.2"]
[White "Skopkova, Marcela"]
[Black "Baumruk, Josef"]
[Result "0-1"]
[WhiteElo "1299"]
[BlackElo "1961"]
[PlyCount "72"]
[EventDate "2022.09.03"]

1. d4 Nf6 2. Nf3 g6 3. Bf4 Bg7 4. e3 d6 5. Nbd2 O-O 6. c3 Nbd7 7. Be2 b6 8. O-O
Nh5 9. Qc2 Nxf4 10. exf4 Nf6 11. h3 Nh5 12. Qe4 Bf5 13. Qe3 Bh6 14. g3 Bxh3 15.
Rfe1 Qd7 16. Nh2 Nf6 17. Bf3 Rae8 18. Ne4 Ng4 19. Nxg4 Bxg4 20. Bxg4 Qxg4 21.
Kg2 Bg7 22. Rh1 e5 23. dxe5 dxe5 24. Ng5 exf4 25. Qxf4 Qxf4 26. gxf4 h6 27. Nf3
Re2 28. Rab1 Rd8 29. Rhe1 Rxe1 30. Nxe1 Rd2 31. Kf3 h5 32. Ke3 Rd7 33. Nf3 Re7+
34. Kd3 Bh6 35. Ne5 c5 36. Nc6 Rc7 0-1

[Event "Turnaj sv. Jana Nepomuckého, B, 2022,"]
[Site "Nepomuk"]
[Date "2022.09.04"]
[Round "2.3"]
[White "Polak, Michal"]
[Black "Soural, Jan"]
[Result "1-0"]
[WhiteElo "1882"]
[BlackElo "2182"]
[PlyCount "129"]
[EventDate "2022.09.03"]

1. e4 c5 2. Nf3 g6 3. c3 d5 4. exd5 Qxd5 5. d4 Bg7 6. dxc5 Qxc5 7. Be3 Qc7 8.
Be2 Nh6 9. Na3 Nc6 10. Nb5 Qb8 11. Nfd4 O-O 12. O-O e5 13. Nb3 Rd8 14. Qc1 Nf5
15. Na3 b6 16. Nc4 Bb7 17. Bg5 f6 18. Bd2 Qc7 19. Ne3 Nfe7 20. Rd1 f5 21. f3
Kh8 22. Be1 f4 23. Ng4 Nf5 24. Bd3 Nce7 25. Rd2 Ne3 26. Nxe3 fxe3 27. Rd1 Bh6
28. Qc2 Nd5 29. Be4 Nf4 30. Rxd8+ Rxd8 31. Rd1 Rxd1 32. Qxd1 Ba6 33. Nc1 e2 34.
Qa4 Qc5+ 35. Kh1 Qb5 36. Qxb5 Bxb5 37. g3 Ne6 38. Nd3 Ng5 39. Nxe5 Nxe4 40.
fxe4 Bg7 41. Nf3 Bc6 42. Kg2 Bxe4 43. Kf2 Bb1 44. a3 Bd3 45. Ng1 Bh6 46. Nxe2
Kg7 47. Kf3 Kf6 48. Bf2 Ke5 49. Be3 Be4+ 50. Kf2 Bf8 51. Nf4 g5 52. Ne2 h6 53.
Nc1 Bc2 54. Ke2 Ke4 55. Kd2 Bb1 56. h4 Be7 57. hxg5 hxg5 58. Ne2 Kf3 59. a4 Bd8
60. Nd4+ Kxg3 61. Ne6 Be7 62. Bxg5 Bd6 63. Nd4 Bg6 64. Be3 Be8 65. Nf5+ 1-0

[Event "Turnaj sv. Jana Nepomuckého, B, 2022,"]
[Site "Nepomuk"]
[Date "2022.09.04"]
[Round "2.4"]
[White "Flajsman, Petr"]
[Black "Zednik, Zdenek"]
[Result "1/2-1/2"]
[WhiteElo "1841"]
[BlackElo "1854"]
[PlyCount "21"]
[EventDate "2022.09.03"]

1. e4 c5 2. Nc3 d6 3. g3 Nc6 4. Bg2 g6 5. Nge2 Bg7 6. O-O e6 7. d3 Nge7 8. Qe1
O-O 9. Be3 Rb8 10. f4 b5 11. Nd1 1/2-1/2

[Event "Turnaj sv. Jana Nepomuckého, B, 2022,"]
[Site "Nepomuk"]
[Date "2022.09.05"]
[Round "3.1"]
[White "Zednik, Zdenek"]
[Black "Hrdlica, Pavel"]
[Result "0-1"]
[WhiteElo "1854"]
[BlackElo "1969"]
[PlyCount "88"]
[EventDate "2022.09.03"]

1. c4 Nf6 2. Nf3 d5 3. cxd5 Nxd5 4. g3 g6 5. Bg2 Bg7 6. O-O O-O 7. Nc3 c6 8. e4
Nxc3 9. bxc3 e5 10. d3 b6 11. Bg5 f6 12. Be3 Qe7 13. Qc2 Ba6 14. Rfd1 Nd7 15.
a4 f5 16. exf5 gxf5 17. Bg5 Bf6 18. Bxf6 Rxf6 19. Re1 Re6 20. Bh3 Rf6 21. Nh4
Nc5 22. d4 Nd3 23. Nxf5 Qf8 24. Re3 e4 25. Rxe4 Rxf5 26. Bxf5 Qxf5 27. Re3 Rf8
28. f3 c5 29. c4 Nb4 30. Qxf5 Rxf5 31. Re5 Rxe5 32. dxe5 Bxc4 33. f4 Be6 34.
Kf1 Nc2 35. Rb1 h5 36. Kf2 Kf7 37. a5 Nb4 38. axb6 axb6 39. Ra1 Kg6 40. Ra8 c4
41. Ke2 c3 42. Rb8 b5 43. h3 Bc4+ 44. Ke1 Nd3+ 0-1

[Event "Turnaj sv. Jana Nepomuckého, B, 2022,"]
[Site "Nepomuk"]
[Date "2022.09.05"]
[Round "3.2"]
[White "Soural, Jan"]
[Black "Flajsman, Petr"]
[Result "1-0"]
[WhiteElo "2182"]
[BlackElo "1841"]
[PlyCount "83"]
[EventDate "2022.09.03"]

1. d4 d5 2. c4 c6 3. Nf3 Nf6 4. e3 e6 5. Nbd2 Nbd7 6. Bd3 Be7 7. O-O O-O 8. e4
dxc4 9. Nxc4 b5 10. Nce5 Bb7 11. Be3 Rc8 12. Rc1 a6 13. Qe2 c5 14. Nxd7 Nxd7
15. Rfd1 Qa5 16. Bb1 Rfd8 17. h3 c4 18. e5 Nb6 19. Ng5 g6 20. Nxh7 Kxh7 21.
Qh5+ Kg8 22. Bxg6 fxg6 23. Qxg6+ Kh8 24. Rc3 Qxc3 25. Qh6+ Kg8 26. Qg6+ Kh8 27.
Qh6+ Kg8 28. Qxe6+ Kf8 29. Qh6+ Ke8 30. bxc3 Nd5 31. e6 Bf6 32. Qg6+ Ke7 33.
Qf7+ Kd6 34. Qxb7 Kxe6 35. Re1 Kd6 36. Qxa6+ Rc6 37. Qxb5 Rg8 38. Bc1 Ra8 39.
a4 Nc7 40. Bf4+ Kd7 41. Qf5+ Kd8 42. d5 1-0

[Event "Turnaj sv. Jana Nepomuckého, B, 2022,"]
[Site "Nepomuk"]
[Date "2022.09.05"]
[Round "3.4"]
[White "Turner, Radek"]
[Black "Skopkova, Marcela"]
[Result "1-0"]
[WhiteElo "2000"]
[BlackElo "1299"]
[PlyCount "63"]
[EventDate "2022.09.03"]

1. c4 d6 2. g3 Nf6 3. Nc3 c6 4. Bg2 g6 5. e4 Bg7 6. Nge2 e5 7. d3 O-O 8. O-O
Nbd7 9. h3 h5 10. Bg5 Qe8 11. Qd2 Nh7 12. Be3 Nb6 13. Rae1 f5 14. f4 Bd7 15. b3
Nc8 16. fxe5 Bxe5 17. d4 Bg7 18. exf5 Rxf5 19. Nf4 Ne7 20. Ne4 Qb8 21. d5 cxd5
22. Nxd5 Rxf1+ 23. Rxf1 Nc6 24. Nef6+ Nxf6 25. Nxf6+ Bxf6 26. Rxf6 Bf5 27. Rxd6
Qe8 28. Bg5 Be4 29. Bxe4 Qxe4 30. Qd5+ Qxd5 31. cxd5 Ne5 32. Bf4 1-0

[Event "Turnaj sv. Jana Nepomuckého, B, 2022,"]
[Site "Nepomuk"]
[Date "2022.09.06"]
[Round "4.1"]
[White "Hrdlica, Pavel"]
[Black "Skopkova, Marcela"]
[Result "1-0"]
[WhiteElo "1969"]
[BlackElo "1299"]
[PlyCount "71"]
[EventDate "2022.09.03"]

1. d4 d6 2. c4 Nf6 3. Nc3 b6 4. e4 Bb7 5. Bd3 g6 6. f4 a6 7. Nf3 e6 8. Qe2 c6
9. e5 dxe5 10. fxe5 Nfd7 11. Ne4 Be7 12. Bh6 c5 13. Bg7 Rg8 14. Bh6 cxd4 15.
O-O Nc5 16. Nfg5 Bxe4 17. Bxe4 Bxg5 18. Qf3 f5 19. exf6 Qxf6 20. Qxf6 Bxf6 21.
Bxa8 Ke7 22. b4 Nd3 23. a3 Nd7 24. Bb7 a5 25. Bd2 axb4 26. axb4 N3e5 27. Rfc1
Rb8 28. Ra7 Kd6 29. Bf4 Ke7 30. c5 bxc5 31. bxc5 Nd3 32. Bxb8 Nxc1 33. Bc6 d3
34. Rxd7+ Kf8 35. Ba4 e5 36. c6 1-0

[Event "Turnaj sv. Jana Nepomuckého, B, 2022,"]
[Site "Nepomuk"]
[Date "2022.09.06"]
[Round "4.2"]
[White "Polak, Michal"]
[Black "Turner, Radek"]
[Result "0-1"]
[WhiteElo "1882"]
[BlackElo "2000"]
[PlyCount "88"]
[EventDate "2022.09.03"]

1. e4 e6 2. d4 d5 3. e5 c5 4. c3 Nc6 5. Nf3 Bd7 6. Bd3 cxd4 7. cxd4 Qb6 8. O-O
Nb4 9. Nc3 Nxd3 10. Qxd3 Ne7 11. Bd2 Rc8 12. b4 Nf5 13. g4 Ne7 14. a3 h5 15. h3
hxg4 16. hxg4 Ng6 17. Kg2 Rc4 18. Be3 Qc7 19. Ne2 Nh4+ 20. Nxh4 Rxh4 21. Kg3
Rh8 22. Rh1 Rxh1 23. Rxh1 Rc2 24. Rc1 Rxc1 25. Nxc1 a6 26. Bd2 Bb5 27. Qc3
Qxc3+ 28. Bxc3 Bc4 29. Kf3 a5 30. Ne2 Kd7 31. Ng1 Kc6 32. Ke3 Ba2 33. bxa5 Bxa3
34. Kd2 Bb1 35. f4 Kb5 36. Nf3 Bg6 37. Ng5 Be7 38. Nf3 Kc4 39. Nh2 Be4 40. Nf1
Kb3 41. g5 Ba3 42. Ng3 Bg6 43. Ne2 Kc4 44. Ke3 Bd3 0-1

[Event "Turnaj sv. Jana Nepomuckého, B, 2022,"]
[Site "Nepomuk"]
[Date "2022.09.06"]
[Round "4.3"]
[White "Flajsman, Petr"]
[Black "Baumruk, Josef"]
[Result "1-0"]
[WhiteElo "1841"]
[BlackElo "1961"]
[PlyCount "111"]
[EventDate "2022.09.03"]

1. d4 Nf6 2. Nf3 g6 3. g3 Bg7 4. Bg2 c5 5. O-O O-O 6. c4 d6 7. Nc3 Nbd7 8. h3
Re8 9. Be3 a6 10. Rc1 Rb8 11. a4 b6 12. Qb3 Qc7 13. Rfd1 cxd4 14. Bxd4 Nc5 15.
Bxc5 bxc5 16. Qa2 Qb6 17. Rd2 Qb4 18. Ne1 Be6 19. Bd5 Nxd5 20. cxd5 Bxh3 21.
Nd3 Qg4 22. Kh2 Qd7 23. Qc4 Bh6 24. f4 Qc8 25. e4 e5 26. Rf2 exf4 27. gxf4 Qg4
28. Rcc2 Qh4 29. Kh1 Bg7 30. Rh2 Qg4 31. Ne1 Bd4 32. Ng2 Bxc3 33. Qxc3 Qd1+ 34.
Ne1 Rxe4 35. Rc1 Rxe1+ 36. Qxe1 Qxe1+ 37. Rxe1 Bf5 38. Re7 Rb4 39. Re8+ Kg7 40.
Rd2 Rxf4 41. Rd8 Rd4 42. Rxd4 cxd4 43. Kg1 Kf6 44. Rxd6+ Ke5 45. Rxa6 Kxd5 46.
Kf2 Kc4 47. Rb6 h5 48. a5 Be4 49. a6 h4 50. a7 h3 51. Kg3 d3 52. Rd6 Kb3 53.
Rxd3+ Kxb2 54. Rd8 Kc3 55. a8=Q Bxa8 56. Rxa8 1-0

[Event "Turnaj sv. Jana Nepomuckého, B, 2022,"]
[Site "Nepomuk"]
[Date "2022.09.06"]
[Round "4.4"]
[White "Zednik, Zdenek"]
[Black "Soural, Jan"]
[Result "0-1"]
[WhiteElo "1854"]
[BlackElo "2182"]
[PlyCount "78"]
[EventDate "2022.09.03"]

1. c4 g6 2. Nf3 Bg7 3. g3 c6 4. Bg2 Nf6 5. Nc3 O-O 6. b3 d5 7. e3 Ne4 8. Bb2
Nxc3 9. Bxc3 Bxc3 10. dxc3 dxc4 11. Qc2 Qd5 12. e4 cxb3 13. exd5 bxc2 14. Nd4
cxd5 15. Bxd5 Rd8 16. Bb3 Na6 17. f4 Nc5 18. Bxc2 Bd7 19. a4 Rac8 20. Kd2 Ne6
21. Be4 Nxd4 22. cxd4 Bc6 23. Ke3 Bxe4 24. Kxe4 Rc3 25. Rhe1 e6 26. Rab1 Rd7
27. Re3 Rc4 28. Reb3 Rcxd4+ 29. Ke3 b6 30. a5 bxa5 31. Rb8+ Kg7 32. Ra8 Rb4 33.
Rc1 h5 34. Rc5 Rb3+ 35. Ke2 Rb2+ 36. Ke3 Rxh2 37. Rxa5 Rh3 38. R8xa7 Rxg3+ 39.
Kf2 Rxa7 0-1

[Event "Turnaj sv. Jana Nepomuckého, B, 2022,"]
[Site "Nepomuk"]
[Date "2022.09.07"]
[Round "5.2"]
[White "Baumruk, Josef"]
[Black "Zednik, Zdenek"]
[Result "1/2-1/2"]
[WhiteElo "1961"]
[BlackElo "1854"]
[PlyCount "44"]
[EventDate "2022.09.03"]

1. e4 c5 2. b3 d6 3. Bb2 Nf6 4. d3 Nc6 5. f4 Bg4 6. Qd2 g6 7. h3 Be6 8. g4 Bg7
9. Nc3 Qa5 10. Bg2 O-O-O 11. Nge2 Ne8 12. f5 Bd7 13. a4 h5 14. O-O-O gxf5 15.
exf5 c4 16. dxc4 Bxf5 17. Qd5 Be6 18. Qxa5 Nxa5 19. Nd4 Bxd4 20. Rxd4 hxg4 21.
hxg4 Rg8 22. Nd5 Nc6 1/2-1/2

[Event "Turnaj sv. Jana Nepomuckého, B, 2022,"]
[Site "Nepomuk"]
[Date "2022.09.07"]
[Round "5.3"]
[White "Turner, Radek"]
[Black "Flajsman, Petr"]
[Result "1/2-1/2"]
[WhiteElo "2000"]
[BlackElo "1841"]
[PlyCount "30"]
[EventDate "2022.09.03"]

1. c4 e5 2. g3 f5 3. Nc3 Nf6 4. Bg2 Bb4 5. Nf3 Bxc3 6. dxc3 Nc6 7. b3 O-O 8.
O-O d6 9. Ba3 Qe7 10. Qc2 Bd7 11. Rad1 Rae8 12. Bc1 Kh8 13. Nh4 g6 14. Bg5 Be6
15. Qc1 a6 1/2-1/2

[Event "Turnaj sv. Jana Nepomuckého, B, 2022,"]
[Site "Nepomuk"]
[Date "2022.09.07"]
[Round "5.4"]
[White "Skopkova, Marcela"]
[Black "Polak, Michal"]
[Result "0-1"]
[WhiteElo "1299"]
[BlackElo "1882"]
[PlyCount "44"]
[EventDate "2022.09.03"]

1. d4 d5 2. e3 Nf6 3. h3 c5 4. dxc5 e5 5. Be2 Bxc5 6. Bd2 O-O 7. Nf3 Nc6 8. c3
Re8 9. O-O Bf5 10. Nh2 Qd7 11. Be1 d4 12. exd4 exd4 13. Bg4 Rad8 14. b4 Bb6 15.
Bxf5 Qxf5 16. Qf3 Qc2 17. cxd4 Nxd4 18. Qxb7 Ne4 19. Nf3 Nxf3+ 20. gxf3 Ng5 21.
Na3 Qf5 22. Nc4 Qxh3 0-1

[Event "Turnaj sv. Jana Nepomuckého, B, 2022,"]
[Site "Nepomuk"]
[Date "2022.09.08"]
[Round "6.1"]
[White "Hrdlica, Pavel"]
[Black "Polak, Michal"]
[Result "1-0"]
[WhiteElo "1969"]
[BlackElo "1882"]
[PlyCount "61"]
[EventDate "2022.09.03"]

1. d4 Nf6 2. c4 e6 3. Nf3 d5 4. Nc3 Be7 5. Bf4 O-O 6. e3 c6 7. c5 Nh5 8. Bg3
Nxg3 9. hxg3 f5 10. Bd3 Nd7 11. g4 Nf6 12. Ne5 Qe8 13. g5 Nd7 14. Nxd7 Bxd7 15.
f4 e5 16. Kd2 b6 17. cxb6 exd4 18. exd4 axb6 19. a3 Bd6 20. g3 Qf7 21. Qf3 g6
22. Rh2 Qg7 23. Rah1 Rf7 24. Rxh7 Qxd4 25. Rh8+ Qxh8 26. Rxh8+ Kxh8 27. Nxd5
Kg7 28. Nxb6 Rb8 29. Bc4 Rxb6 30. Qc3+ Kf8 31. Bxf7 1-0

[Event "Turnaj sv. Jana Nepomuckého, B, 2022,"]
[Site "Nepomuk"]
[Date "2022.09.01"]
[Round "6.2"]
[White "Flajsman, Petr"]
[Black "Skopkova, Marcela"]
[Result "1-0"]
[WhiteElo "1841"]
[BlackElo "1299"]
[PlyCount "43"]
[EventDate "2022.09.03"]

1. d4 d5 2. Nf3 e6 3. Bf4 Nf6 4. e3 a6 5. Nbd2 c5 6. c3 c4 7. b3 cxb3 8. axb3
Be7 9. Bd3 h6 10. Qc2 Nc6 11. O-O Bd7 12. h3 Nh5 13. Bh2 O-O 14. Ne5 Be8 15. g4
Nf6 16. f4 Nxe5 17. fxe5 Nd7 18. Rf3 f6 19. Raf1 fxe5 20. Rxf8+ Bxf8 21. Bxe5
Nxe5 22. Bh7+ 1-0

[Event "Turnaj sv. Jana Nepomuckého, B, 2022,"]
[Site "Nepomuk"]
[Date "2022.09.08"]
[Round "6.3"]
[White "Zednik, Zdenek"]
[Black "Turner, Radek"]
[Result "1/2-1/2"]
[WhiteElo "1854"]
[BlackElo "2000"]
[PlyCount "44"]
[EventDate "2022.09.03"]

1. Nf3 Nf6 2. c4 c5 3. d4 cxd4 4. Nxd4 Nc6 5. Nc3 g6 6. g3 d6 7. Bg2 Bd7 8. O-O
Bg7 9. e4 O-O 10. Nxc6 bxc6 11. Qc2 Rb8 12. b3 Qc8 13. Re1 Bh3 14. Bh1 Nd7 15.
Bb2 Ne5 16. f4 Ng4 17. Nd1 Qc7 18. Bxg7 Kxg7 19. Nf2 Nxf2 20. Qc3+ f6 21. Kxf2
Qb6+ 22. Qe3 Be6 1/2-1/2

[Event "Turnaj sv. Jana Nepomuckého, B, 2022,"]
[Site "Nepomuk"]
[Date "2022.09.09"]
[Round "7.1"]
[White "Baumruk, Josef"]
[Black "Hrdlica, Pavel"]
[Result "1/2-1/2"]
[WhiteElo "1961"]
[BlackElo "1969"]
[PlyCount "29"]
[EventDate "2022.09.03"]

1. e4 e6 2. d4 d5 3. exd5 exd5 4. Bd3 Bd6 5. c3 Nf6 6. Nf3 Bg4 7. O-O O-O 8.
Bg5 Nbd7 9. Re1 c6 10. Nbd2 Qc7 11. Qc2 Rfe8 12. h3 Bh5 13. a4 Bg6 14. Bxg6
hxg6 15. b3 1/2-1/2

[Event "Turnaj sv. Jana Nepomuckého, B, 2022,"]
[Site "Nepomuk"]
[Date "2022.09.09"]
[Round "7.3"]
[White "Skopkova, Marcela"]
[Black "Zednik, Zdenek"]
[Result "0-1"]
[WhiteElo "1299"]
[BlackElo "1854"]
[PlyCount "32"]
[EventDate "2022.09.03"]

1. d4 d5 2. e3 Nf6 3. Nf3 Bf5 4. Be2 c5 5. O-O cxd4 6. exd4 e6 7. Nc3 Nc6 8.
Bg5 Be7 9. Bxf6 Bxf6 10. Kh1 Qb6 11. b3 Nxd4 12. Nxd4 Qxd4 13. Qxd4 Bxd4 14.
Nb5 Bxa1 15. Nc7+ Kd7 16. Nxa8 Bf6 0-1

[Event "Turnaj sv. Jana Nepomuckého, B, 2022,"]
[Site "Nepomuk"]
[Date "2022.09.02"]
[Round "7.4"]
[White "Polak, Michal"]
[Black "Flajsman, Petr"]
[Result "0-1"]
[WhiteElo "1882"]
[BlackElo "1841"]
[PlyCount "152"]
[EventDate "2022.09.03"]

1. e4 c5 2. Nf3 d6 3. c3 Nf6 4. Be2 Bd7 5. d3 Nc6 6. O-O c4 7. d4 Nxe4 8. Bxc4
e6 9. Re1 d5 10. Bd3 f5 11. Bf4 Be7 12. Nbd2 O-O 13. Ne5 Nxe5 14. Bxe5 g5 15.
Rc1 Bf6 16. Nf3 g4 17. Bxf6 Rxf6 18. Ne5 Rh6 19. Bxe4 dxe4 20. Qd2 Rh5 21. c4
Bc6 22. Red1 Qh4 23. Qf4 Rd8 24. Rd2 Qg5 25. g3 Qxf4 26. gxf4 Rh3 27. Re1 Kf8
28. Re3 Rh6 29. b4 Ke7 30. Ra3 Ra8 31. b5 Be8 32. Rb3 Rh3 33. Re3 Rd8 34. Kg2
Rf3 35. Nxf3 gxf3+ 36. Kf1 Rc8 37. Rc3 Bxb5 38. Rdc2 Ba6 39. Ke1 Rg8 40. Kd2
Rg1 41. Rc1 Rg2 42. Ke3 Kd6 43. d5 e5 44. R3c2 Rg4 45. Rd2 b6 46. Rdc2 h5 47.
Rc3 Bb7 48. Rb1 Ba6 49. Ra3 Bxc4 50. Rxa7 Kxd5 51. fxe5 f4+ 52. Kd2 e3+ 53.
fxe3 f2 54. exf4 f1=Q 55. Rxf1 Bxf1 56. Ke3 Bc4 57. Rd7+ Kc6 58. Rd6+ Kc5 59.
Rd2 Be6 60. Rc2+ Kb5 61. Ke4 Rg1 62. Rb2+ Ka5 63. Re2 Rf1 64. Rg2 Re1+ 65. Kd4
Rd1+ 66. Ke3 Bg4 67. Rf2 Bf5 68. Re2 Kb5 69. Rb2+ Kc5 70. Ke2 Rc1 71. Kd2 Rb1
72. Kc3 Rxb2 73. Kxb2 Kd4 74. Kb3 Be6+ 75. Kb4 Bxa2 76. Kb5 Ke4 0-1